[Event "Bundesliga 1011"]
[Site "Germany"]
[Date "2011.02.06"]
[Round "9.2"]
[White "Fressinet, Laurent"]
[Black "Spoelman, Wouter"]
[Result "1/2-1/2"]
[WhiteElo "2718"]
[BlackElo "2538"]
[Annotator "Meyer,CD"]
[PlyCount "82"]
[EventDate "2010.10.09"]
[EventType "team-tourn"]
[EventRounds "15"]
[EventCountry "GER"]
[SourceTitle "CBM 141"]
[Source "ChessBase"]
[SourceDate "2011.03.17"]
[SourceVersion "1"]
[SourceVersionDate "2011.03.17"]
[SourceQuality "1"]
[WhiteTeam "Werder Bremen"]
[BlackTeam "Emsdetten Turm"]
[WhiteTeamCountry "GER"]
[BlackTeamCountry "GER"]
[TimeControl "40/6000+30:20/3000+30:900+30"]

1. Nf3 d5 2. c4 c6 3. e3 Nf6 4. Nc3 e6 5. b3 Nbd7 6. Bb2 Bd6 7. Qc2 O-O 8. Be2
a6 9. Rg1 $6 {Im Gambit-Stil wurde auch schon sofortiges g4 versucht.
Jedenfalls ist dieses rabiate Vorgehen eine sehr spezielle, zweischneidige
Version der Réti- oder Zukertort-Nimzowitsch-Eröffnung".} ({Am populärsten und
solider ist} 9. d4 $142 {mit Übergang zum Damengambit/Anti-Meraner Variante 
(D45)} b5 $5) 9... b5 $1 (9... e5 10. g4 e4 11. g5 Ne8 (11... exf3 12. gxf6 g6
13. Bxf3 dxc4) 12. Nd4 Bxh2 $2 (12... Ne5 $13) 13. Rh1 Qxg5 14. cxd5 Qg2 $4 (
14... cxd5 15. O-O-O) 15. Qxe4 Qxe4 16. Nxe4 Be5 (16... cxd5 17. Ng5 h6 18.
Rxh2 hxg5 19. O-O-O $18 (19. Nf5)) 17. dxc6 bxc6 18. f4 Nef6 19. fxe5 (19. Bd3)
19... Nxe4 20. e6 (20. Nxc6) 20... fxe6 21. Nxe6 $18 Rf7 22. Nd8 Rf2 23. Bc4+
Kf8 24. Ne6+ Ke7 25. Ng5 Ndc5 26. Nxe4 Nxe4 27. Rh4 {- 1:0, Herraiz Hidalgo,H 
(2480) - Serrano Salvador,E (2352), Madrid 2010}) 10. g4 bxc4 $1 ({Öffnet die
b-Linie und hält den unrochierten König weiter in der Mitte. Dagegen ist} 10...
b4 $6 {m. E. relativ angenehmer für Weiß, z.B.} 11. g5 $5 (11. Na4) 11... Ne8 (
11... bxc3 12. gxf6 cxd2+ 13. Qxd2 $13 {Plan 0-0-0->}) 12. Na4 Qe7 13. h4 Bb7
14. h5 c5 15. cxd5 Bxd5 16. O-O-O Ra7 17. Kb1 Nc7 18. e4 Bc6 19. e5 Nd5 20.
exd6 Qxd6 21. Bd3 g6 22. Be4 {- 1:0, Gurevich,M (2633) - Kallai,G (2555),
Germany 2002}) 11. bxc4 Rb8 12. g5 (12. Rb1 e5 $5 13. cxd5 Nxd5 (13... cxd5 $5
14. g5 Ne4 15. Nxd5 (15. Nxe4 dxe4 16. Qxe4 Nc5 17. Qc2 Qb6 $44) 15... Ndc5 $1
$44 16. d4 $2 exd4 17. exd4 Bf5 18. dxc5 (18. Ba3 Qa5+ 19. Bb4 Rxb4 20. Nxb4
Ne6 $19) 18... Qa5+ 19. Nd2 Bxc5 20. Rf1 Nxd2 21. Qxd2 Qxa2 $19) 14. Ne4 Nb4
15. Qa4 Re8 (15... Qe7 $142 $13) 16. a3 Nb6 17. Qb3 N4d5 18. Qc2 Qd7 $6 19. h4
Qc7 $6 20. Nfg5 $16 Be7 21. Nxh7 Nd7 22. g5 Rd8 23. h5 $18 Qb7 24. Nhf6+ N7xf6
25. gxf6 Nxf6 26. h6 Ne8 27. hxg7 Bf5 28. Bc4 Rd5 29. Bxd5 {- 1:0, Hall,C -
Ferrero,M, IECC email 2003}) 12... Ne4 $1 $36 {Schwarz ergreift sofort die
Initiative.} 13. Nd4 (13. Rb1 Nxc3 14. Bxc3 (14. Qxc3 $143 e5) 14... Rxb1+ 15.
Qxb1 e5 16. h4 (16. Qb2 Re8 $15) 16... Re8 17. h5 Nc5 $15) 13... Qc7 14. Nxe4
$2 ({Nach einem Auftakt "mit der Brechstange" muß Weiß bereits schwer um den
Ausgleich kämpfen. Folgende Alternativen kamen eher in Betracht: I} 14. h4 Nxc3
15. Bxc3 (15. Qxc3 $143 c5 $1 16. Nf3 (16. Nxe6 $2 d4) 16... e5 $5 17. cxd5 Nb6
) 15... c5 16. Nb3 (16. Nf3 Ne5 $15) 16... Bb7 $15) ({II} 14. f4 Nxc3 15. Qxc3
e5 16. Nf5 Bb4 17. Qc2 d4 18. exd4 exf4 $15) ({III} 14. cxd5 $5 cxd5 15. Rc1 (
15. Nxe4 Qxc2 16. Nxc2 dxe4 17. Ba3 Bxa3 18. Nxa3 Bb7 $15) 15... Qb7 (15...
Bxh2 $6 16. Rg4) (15... Nec5 16. f4 Bb7 (16... Qb6 17. Ba3) 17. Ncb5 axb5 18.
Nxb5 Qb6 19. Nxd6 Qxd6 20. Ba3 Rfc8 21. d4 Ra8 22. dxc5 Qc7 $13 {/=}) 16. Ba1
Ndc5 17. Rb1 Qc7 18. Rxb8 Qxb8 $15) 14... dxe4 15. Bc3 (15. Nb3 Be5 16. Bxe5
Qxe5 17. O-O-O c5 18. h4 a5 19. d4 cxd4 20. Nxd4 Qc5 $17) 15... c5 $17 16. Nb3
Bb7 17. h4 Ne5 18. h5 f5 19. gxf6 Rxf6 20. Qb2 Rf5 21. Rg2 $2 ({Büßt schlicht
seinen Bauern h5 ein. Andere Versuche, z.B.: I} 21. Rb1 Bc6 22. Qc2 Bf8 23.
Bxe5 (23. h6 Nd3+ $1 24. Bxd3 (24. Kd1 Qh2 25. Rf1 Qg2 $19) 24... Qh2 25. Rf1
exd3 26. Qxd3 Bg2 $19) 23... Qxe5 $17) ({II} 21. O-O-O Rbf8 (21... Rxf2 $2 22.
Rg5 Rf5 23. Rdg1) 22. Rdf1 R8f7 $17) 21... Rbf8 $6 ({Nichts sprach gegen das
simple} 21... Rxh5 $142 22. O-O-O Rf5 $19) 22. Qa3 {(?)} ({Hätte der
französische Großmeister geahnt, was ihn erwartet, hätte er eher} 22. Na5 {
versucht (} Ba8 23. Qa3 $17 {).}) 22... Nd3+ $3 {Eine feine, weit berechnete
Kombination mit Damenopfer, an derem Ende der weiße König im Mattnetz zappelt!}
(22... Qe7 $143 $17) 23. Bxd3 (23. Kd1 e5 24. h6 g6 {und Schwarz holt bei
passender Gelegenheit den Bauern f2 ab (-+).}) 23... exd3 24. Rxg7+ (24. Rg1
Bf3 $1 (24... Rxf2 $5 25. O-O-O e5) 25. Nc1 Bxh5 26. Nxd3 Rxf2 27. Nxf2 Bg3 $19
{nebst Mattsetzung}) 24... Qxg7 25. Bxg7 Bf3 $1 ({Die Pointe: Die weißen
Felderschwächen können nun weidlich ausgebeutet werden (/\Txh5-h1#). Jedoch
bloß nicht} 25... Kxg7 $4 26. O-O-O) 26. Nd4 $8 {Was sonst?} cxd4 $1 (26...
Rxh5 $2 27. Qxd3) 27. Qxd6 (27. Qxd3 Kxg7 $19) 27... Kxg7 28. h6+ (28. Qxd4+
Kg8 29. Qxd3 Rxh5 30. Qf1 Rh1 31. Qxh1 Bxh1 $19) 28... Kxh6 29. e4 Rf4 30. Rb1
({Oder} 30. Qxe6+ R8f6 31. Qh3+ Kg7 32. Kf1 (32. Rb1 Rxe4+ 33. Kf1 Be2+ 34. Kg2
Rg4+ $19) 32... Rg4 33. Qh2 Rff4 34. Rb1 Rh4 $19) 30... Rxe4+ $6 ({Kurzen
Prozeß hätte} 30... R8f6 $142 $19 {gemacht:} 31. Kf1 (31. Qe7 Rg6) (31. Qe5
Rxe4+) 31... Rh4 {. Nun jedoch wird es richtig kompliziert. Zudem verliert der
20-jährige holländische Großmeister Wouter Spoelman - auch vermutlich infolge
Zeitnot - den Faden und bringt sich nach glänzender Spielführung um den
verdienten Lohn ...}) 31. Kf1 Be2+ $6 (31... Rf5 $142 32. Rb7 Be2+ 33. Ke1 Bg4+
34. Kf1 Bh3+ 35. Kg1 Rg5+ 36. Kh2 Bf5 37. Qf8+ Kh5 38. Qf7+ ({Weit ins
feindliche Lager wandert der schwarze Monarch nach} 38. Qe8+ Kg4 {/\Kf3} 39.
Qe7 h6 $19 40. Rb1 Kf3 41. Qb7 Kxf2) 38... Rg6 $1 39. Qxh7+ Rh6 40. Qg7 Rh4+
41. Kg3 Rg6+ $19) 32. Kg2 Rg8+ $2 (32... Rg4+ $142 33. Kh3 Rf6 $1 {mit der
tödlichen Drohung Tg4-g5-h5+ etc., und nun z.B. (für die beharrlichen
Schachfreunde):} (33... Rxf2 $6 34. Qe5 $5 (34. Qxe6+ Rg6 35. Qe4 Bg4+ 36. Qxg4
Rxg4 37. Kxg4 Rxd2 $19)) 34. f3 (34. Qe7 Rfg6 35. Kh2 {/\Rb7!} Kh5 36. Qxh7+
Rh6 $19) 34... Bxf3 35. Rf1 (35. Qe7 Rff4 {/\Rg6 plus Rff5} 36. Qd6 Bg2+ 37.
Kh2 Rf2 38. Kg1 (38. Qxe6+ Rg6 39. Qe1 Rf5 $19) 38... Rf6 39. Kh2 (39. Qh2+ Kg6
40. Qe5 (40. Qxg2 Rxg2+ 41. Kxg2 e5 $19) 40... Be4+ 41. Kh2 Rf2+ 42. Kh3 Bf5
$19) 39... Be4 40. Qxd4 Rfg6 41. Qe3+ Kh5 $19) (35. Kh2 Rfg6 $19) (35. Rb3 Kh5
36. Qc5+ Rf5 37. Qe7 h6 38. Qe8+ (38. Rxd3 Bg2+ 39. Kh2 Rfg5 40. Qe8+ Rg6 41.
Ra3 Rh4+ 42. Kg1 Bc6+ $19) 38... Rg6 39. Rxd3 Rf4 40. Qe7 Bg2+ 41. Kh2 Rh4+ $19
) (35. Re1 Be2 36. Qe7 (36. Qe5 Rgf4 {/\Rf4-f5-+}) 36... Rgf4 (36... Rfg6) 37.
Rg1 (37. c5 Rg6 38. c6 Rf5 $19) 37... Bf1+ 38. Kh2 Rh4+ 39. Kg3 Rh3+ 40. Kg4
Rg6+ 41. Kf4 Rxg1 42. Qxe6+ Rg6 $19) 35... Rgg6 {drohend Rf5 und Bg2+} 36. Kh2
Rf5 37. Rxf3 Rxf3 38. Qxd4 Rf5 39. Qe3+ Kg7 40. Qd4+ Kg8 41. Qd8+ (41. Qh4 Rfg5
{/\Kg7 plus Rh6}) 41... Kf7 42. Qd7+ Kf6 43. Qd4+ Ke7 44. Qa7+ (44. Qh4+ Rfg5
$19) 44... Kf8 45. Qxh7 (45. Qb8+ Kg7 46. Qa7+ Kh8 47. Qb8+ (47. Qd4+ e5 $19)
47... Rg8 $19) 45... Rfg5 $19) 33. Kh3 Bg4+ (33... Bf3 {wird elegant mit} 34.
Rg1 $8 Rxg1 35. Qf8+ Rg7 36. Qxf3 {pariert:} Reg4 $13 {/=} (36... Rgg4 $13 {/=}
)) 34. Kh2 $2 ({Kurz vor der Zeitkontrolle liegen bei beiden Akteuren die
Nerven blank.} 34. Kg3 $142 Bf5+ 35. Kf3 Rh4 36. Re1 $1 $13 {/=} Kh5 (36...
Rgg4 37. Qf8+) 37. Qd7) 34... Bf5 $19 35. Qe7 Rf4 $2 ({Der letzte Fehler in
einem dramatischen Gefecht. Dagegen gewann} 35... Rg5 $142 {, z.B.} 36. Qf6+
Rg6 37. Qe7 Kh5 38. Qxh7+ Rh6 39. Qg7 Rh4+ 40. Kg3 Rg6+ $19) 36. f3 $8 $11 {
Glücklich ergreift Fressinet den Rettungsanker und} (36. Z0 {kontrolliert das
vitale Feld g4. Es drohte nämlich} Rg5 37. Qf6+ Kh5 38. Qf7+ Rg6 39. Qxh7+ Rh6
40. Qf7+ (40. Qg7 Rg4) 40... Kg5+ 41. Kg1 Rg4+ 42. Kf1 Rh1#) 36... Rg7 ({I Oder
} 36... Rg5 37. Qf6+ Kh5 (37... Rg6 38. Qe7 Rg5 39. Qf6+ $11) 38. Qf7+ Kh6 (
38... Rg6 $2 39. Qxh7+ Rh6 40. Qc7 $1 Rxf3 41. Rg1 Rh3+ 42. Kg2 Rg6+ 43. Kf2)
39. Qf6+ $11) ({II Freilich nicht} 36... Rxf3 $4 {wegen} 37. Qh4+ Kg6 (37...
Kg7 38. Rb7+ $18) 38. Rg1+ $18) 37. Qd8 Rg5 38. Qf8+ Kh5 39. Qf7+ Kh6 40. Qf8+
Kh5 41. Qf7+ Kh6 {- eine irre Partie !} 1/2-1/2

[Event "GER-ARM"]
[Site "Baden-Baden"]
[Date "1996.??.??"]
[Round "2"]
[White "Anastasian, Ashot"]
[Black "Stangl, Markus"]
[Result "1-0"]
[WhiteElo "2550"]
[BlackElo "2565"]
[Annotator "Mowsziszian,K"]
[PlyCount "107"]
[EventDate "1996.07.31"]
[EventType "match"]
[EventRounds "4"]
[EventCountry "GER"]
[SourceTitle "CBM 055"]
[Source "ChessBase"]
[SourceDate "1996.12.01"]
[SourceVersion "1"]
[SourceVersionDate "1996.12.01"]
[SourceQuality "1"]
[WhiteTeam "Armenia"]
[BlackTeam "Germany"]
[WhiteTeamCountry "ARM"]
[BlackTeamCountry "GER"]

1. Nf3 d5 2. g3 c6 3. Bg2 Bg4 4. c4 e6 5. cxd5 exd5 6. O-O Nd7 7. d3 Ngf6 8.
Nc3 (8. Nbd2 Be7 9. b3 O-O 10. Bb2 Re8 11. Qc2 Bf8 12. e4 dxe4 13. dxe4 Nc5 14.
Ne5 Bh5 15. h3 Nfd7 16. Nec4 Nb6 17. g4 Bg6 18. Ne5 {1/2-1/2 Anastasian,
A-Geller,E/Moscow2 ;CBM 47 1995 (39)}) 8... Be7 (8... Bd6 9. Be3 O-O 10. Qb3
Qc8 11. Rac1 Re8 12. Bd4 h6 13. Rfe1 Nh7 14. Qa4 Qd8 15. Be3 Nhf6 16. Qb3 Qb8 {
Romanishin-Nogueiras/Leningrad/1987}) (8... Bc5 9. Qb3 Nb6 10. Qc2 O-O 11. e4
dxe4 12. dxe4 Nfd7 13. Bg5 f6 14. Bf4 $10 {Dizdar-Rogic/Zagreb/1993}) 9. Qc2 (
9. h3 Bh5 10. Re1 O-O 11. e4 dxe4 12. dxe4 Nc5 13. Qe2 Re8 14. g4 Bg6 $13 {
Belchik-Bagirov/Riga/1981}) 9... O-O 10. e4 dxe4 (10... Nb6 11. Ne5 Be6 12. f4
$6 (12. b3 $5) 12... dxe4 13. dxe4 Nc4 $1 14. Nxc4 (14. Nf3 Ng4) (14. Nd3 {
Horn,Pe} Qb6+ 15. Kh1 Ng4 16. Nd1) 14... Bxc4 15. Rf3 $8 Ng4 16. Bf1 (16. h3 $6
Qd4+ 17. Kh1 Bc5 18. Bd2 Rfd8 $17) 16... Qd4+ 17. Kg2 Rad8 (17... Bxf1+ {
Horn,Pe} 18. Rxf1 Ne3+ 19. Bxe3 Qxe3 20. Rae1) 18. Bxc4 Qxc4 19. h3 Nf6 20. b3
Qa6 21. Bb2 Rd7 $1 {0-1 Vaulin,A-Pushkov,N/RUS-ch Elista (07) ;CBM 44 1994 (41)
}) 11. dxe4 Qa5 (11... Nb6) 12. h3 Bxf3 13. Bxf3 Rad8 14. a3 Bc5 15. Bf4 (15.
b4 $2 Bxb4 16. axb4 Qxa1 17. Be3 (17. Bb2 Qa6 18. Be2 Qb6 $17) 17... Qa3 $17)
15... Bd4 16. b4 Qa6 17. Be2 b5 $8 18. Rad1 $1 {Auf 18. Ld3 oder 18. Lf3 kommt
18...Se5 =/+. Der Textzug ist ein Baueropfer, dafür hat Weiß das Läuferpaar.
Außerdem ist Anastasian als Meister im Figurenverhältnis B <-> N bekannt.} Bxc3
19. Qxc3 Nxe4 20. Qf3 Ndf6 21. Bd3 Nc3 (21... Rfe8 $2 22. Bxe4 Rxd1 23. Rxd1
Nxe4 24. Qxe4 $1 $18) (21... Qa4 22. Bxe4 Rxd1 23. Bxh7+ Kxh7 24. Rxd1 $16) 22.
Rc1 $1 {Weiß will die Stellung nicht konkretisieren} (22. Bxh7+ Kxh7 23. Qxc3
Nd5 24. Qc2+ Kg8 $14 {zu wenig}) 22... Ncd5 23. Be5 Rfe8 24. Bb2 Rd6 $6 {
Wie man sieht, hat Schwarz Probleme.} (24... Qb6 $142 25. Bxf6 $2 (25. Rfd1 $13
) 25... Nxf6 26. Rxc6 $4 Rxd3 $1) 25. Bf5 Qb7 26. Rfe1 Rxe1+ 27. Rxe1 Rd8 28.
g4 Re8 $2 (28... h6) 29. Rxe8+ Nxe8 30. Bxh7+ $1 Kxh7 (30... Kf8 31. Bd4 Nef6
32. Bc5+ Ke8 33. Bf5 $16) 31. Qe4+ Kg8 32. Qxe8+ Kh7 33. h4 Qe7 (33... Qc7 34.
Be5) 34. Qxe7 Nxe7 35. Kg2 f5 36. f3 g6 37. Bd4 a6 38. Kg3 Nd5 39. gxf5 gxf5
40. h5 Kg8 (40... Kh6 41. Kh4 f4 (41... Nc7 42. Be3+ Kh7 43. Kg5 $18) 42. Be5
$18) 41. Be5 Kh7 42. Kh4 Ne3 43. Kg5 Nc4 44. Kxf5 Nxa3 45. f4 Nc4 (45... Nc2
46. Bc3 $1 (46. Bd6 Kh6 47. Ke6 Nd4+ 48. Ke5 Nf3+) 46... Kh6 47. Ke6 Ne3 48. f5
Kxh5 49. f6 $18) 46. Ke6 a5 47. bxa5 Nxa5 48. f5 c5 49. f6 Nc6 50. Bc7 Nd4+ 51.
Kd7 Kg8 52. Ke8 Ne6 53. f7+ Kg7 54. Ke7 1-0

[Event "EU-ch 6th"]
[Site "Warsaw"]
[Date "2005.06.30"]
[Round "12"]
[White "Ibrahimov, Rasul"]
[Black "Dziuba, Marcin"]
[Result "1-0"]
[WhiteElo "2511"]
[BlackElo "2429"]
[Annotator "Mueller,Karsten"]
[PlyCount "87"]
[EventDate "2005.06.18"]
[EventType "swiss"]
[EventRounds "13"]
[EventCountry "POL"]
[SourceTitle "CBM 108"]
[Source "ChessBase"]
[SourceDate "2005.09.26"]
[SourceVersion "1"]
[SourceVersionDate "2005.09.26"]
[SourceQuality "1"]

1. Nf3 d5 2. c4 c6 3. e3 Nf6 4. Nc3 e6 5. b3 b6 6. Qc2 Bb7 7. d4 Nbd7 8. Bd3
Bd6 9. O-O O-O 10. e4 dxe4 11. Nxe4 Nxe4 12. Bxe4 f5 13. Bd3 c5 14. d5 Ne5 15.
Ng5 Qf6 16. Nxe6 Nxd3 17. Qxd3 Qxa1 18. Bf4 Qf6 19. Bxd6 Rfe8 20. Qg3 Rxe6 21.
dxe6 Qxe6 22. Be5 Qd7 23. h3 Re8 24. Kh2 Re7 25. Re1 Rf7 26. Re3 Be4 27. f3 Bc6
28. Re2 Qd3 29. Qf2 Qd8 30. Rd2 Rd7 31. Qg3 Qe7 32. Rxd7 Bxd7 33. Bc3 Be8 34.
Qb8 Kf7 35. Be5 a5 36. Bd6 Qd7 37. Bc7 b5 38. Qa7 bxc4 39. bxc4 Qc6 40. Bd6+
Kg6 41. Qe7 Bf7 42. Bxc5 Bxc4 $4 {[%mdl 8192]} (42... Qf6 $142 $14) 43. Bd4 Bf7
44. Qe5 (44. Qe5 Qf6 45. Qg3+ Qg5 46. Qd6+ Kh5 47. g4+ fxg4 48. fxg4+ Kh4 49.
Qg3#) 1-0

[Event "Bundesliga 9697"]
[Site "Germany"]
[Date "1997.??.??"]
[Round "?.1"]
[White "Gabriel, Christian"]
[Black "Mueller, Karsten"]
[Result "0-1"]
[WhiteElo "2570"]
[BlackElo "2500"]
[Annotator "Mueller,Karsten"]
[PlyCount "62"]
[EventDate "1996.10.12"]
[EventType "team-tourn"]
[EventRounds "15"]
[EventCountry "GER"]
[SourceTitle "GER-chT"]
[Source "ChessBase"]
[SourceDate "1999.07.01"]
[SourceVersion "1"]
[SourceVersionDate "1999.07.01"]
[SourceQuality "1"]
[WhiteTeam "Solingen"]
[BlackTeam "Hamburger SK"]
[WhiteTeamCountry "GER"]
[BlackTeamCountry "GER"]

1. c4 c6 2. b3 d5 3. Bb2 Nf6 4. e3 Bf5 5. Bxf6 {sehr verpfichtend, aber nicht
schlecht. Lediglich der Bf8 muß unter Kontrolle gehalten werden, sonst
übernimmt er die Herrschaft auf dem Brett.} gxf6 (5... exf6 6. cxd5 cxd5 7. Nf3
Nc6 $13) 6. Nc3 e6 {droht Ba3} 7. a3 Nd7 8. d4 Bd6 9. Nge2 Qe7 10. c5 Bc7 11.
Ng3 Bg6 12. Be2 f5 $2 {läßt zu, daß Weiß die Stellung mit f4 für ihn günstig
abschließt. Besser (dynamischer) war} (12... e5 $1 13. O-O (13. Bg4 exd4 14.
Bxd7+ Kxd7 15. Qxd4 Be5 $36) 13... f5 {was zur Partie sehr ähnlich ist.}) 13.
b4 $6 (13. f4 $1 h5 14. b4 (14. Bxh5 $2 Bxh5 15. Nxh5 Qh4+ 16. Ng3 Qxg3+ 17.
hxg3 Rxh1+ $19) (14. h4 e5 $36) 14... h4 15. Nf1 Nf6 16. a4 Bh5 17. Bxh5 Rxh5
18. Nd2 $14) 13... a6 14. a4 $6 e5 $1 {Angriff am Damenflügel, Gegenstoß im
Zentrum} 15. O-O h5 16. Re1 (16. Nxh5 $4 Bxh5 17. Bxh5 Qh4 $19) 16... Nf6 17.
Nf1 h4 18. Qb3 $6 (18. Qc1 $5 {überdeckt f4, was im folgenden wichtig werden
wird.}) 18... Ne4 19. f3 $6 (19. Nxe4 fxe4 20. b5 exd4 21. exd4 O-O $15) 19...
Ng5 $1 {[#]} (19... Ng3 $5 20. Bxa6 (20. hxg3 $2 hxg3 21. Nxg3 exd4 22. Nxd5
cxd5 23. exd4 O-O-O 24. Bd3 Qh4 $40) (20. Bd3 e4 $15) 20... bxa6 21. hxg3 hxg3
22. Nxg3 Qh4 23. Nce2 $13) 20. b5 $2 ({Kritisch ist} 20. dxe5 f4 $1 {[%csl Gb4,
Gc5,Ge3,Ge5][%cal Ga6a5] (der Hebel a6-a5 liegt nach wie vor in der Luft)} 21.
exf4 Ne6 22. Ne3 (22. g3 hxg3 23. hxg3 Nxc5 24. Qb2 (24. bxc5 Qxc5+ 25. Kg2 Bb6
26. Ne3 Qxe3 27. Rf1 Bf5 28. g4 Bxg4 $19) 24... Bb6 25. Kg2 Ne6 $1 26. a5 (26.
Qd2 Bf5 27. Nh2 Bh3+ 28. Kh1 Bf2 $19) 26... Ba7 27. b5 axb5 28. Nxd5 cxd5 29.
Qxb5+ Kf8 30. Qxd5 Nxf4+ 31. gxf4 Qh4 $19) (22. Nxd5 cxd5 23. Qxd5 Nxf4 24.
Qxb7 O-O 25. Bxa6 Qg5 26. Ra2 Bxe5 $17) 22... Nxf4 23. Ng4 O-O-O $40) 20... O-O
21. b6 Bd8 22. Rad1 Ne6 23. a5 f4 $1 {[%csl Gc5,Gd4,Ge3] entwurzelt d4} 24. Qb4
fxe3 25. dxe5 Qg5 (25... Qxc5 26. Qxc5 Nxc5 27. Nxe3 Bg5 $17) 26. g3 hxg3 27.
hxg3 Qxe5 28. f4 Qg7 29. Nxe3 Bf6 (29... d4 30. f5 Bg5 31. Ng2 Bxf5 $19) (29...
Be4 {kam nicht aufs Brett, obwohl die Partie mit diesem Zug publiziert worden
ist.}) 30. Na4 Be4 31. Kf2 (31. Bg4 Bd4 32. Rxd4 Nxd4 33. Kf2 Qh8 34. Rg1 Nc2
35. Qd2 Nxe3 36. Qxe3 Rfe8 $19) 31... Nxf4 (31... Nxf4 32. Bf1 (32. gxf4 Bh4+
33. Kf1 Qg3 $19) (32. Bg4 Qh6 33. gxf4 Qh2+ 34. Kf1 Bh4 35. Qb2 Qxf4+ $19)
32... Nh5 $19) 0-1

[Event "EU-ch 12th"]
[Site "Aix les Bains"]
[Date "2011.03.27"]
[Round "6"]
[White "Romanov, Evgeny"]
[Black "Vallejo Pons, Francisco"]
[Result "0-1"]
[WhiteElo "2624"]
[BlackElo "2707"]
[Annotator "Mullon,JB/Primel,D"]
[PlyCount "74"]
[EventDate "2011.03.22"]
[EventType "swiss"]
[EventRounds "11"]
[EventCountry "FRA"]
[SourceTitle "CBM 142 Extra"]
[Source "ChessBase"]
[SourceDate "2011.06.27"]
[SourceVersion "1"]
[SourceVersionDate "2011.06.27"]
[SourceQuality "1"]
[TimeControl "40/5400+30:1800+30"]

1. c4 c6 2. Nf3 d5 3. e3 Nf6 4. Nc3 e6 (4... a6 5. Qc2 Bg4 (5... b5 6. b3 e6 7.
d4 Nbd7 8. Be2 Be7 9. O-O O-O 10. Bb2 Bb7 11. c5 b4 12. Na4 a5 13. a3 $14) (
5... g6 6. d4 Bg7 (6... Bf5 7. Qb3 Ra7 $13)) 6. Ne5 Be6 7. d4 Nbd7 8. Nd3 {
Ivanchuk,V (2703)-Postny,E (2647) GRE-chT 37th 2009 (3) 1-0} (8. Be2 $142 {
Delchev})) 5. Qc2 {Une ligne secondaire} (5. d4 Nbd7 6. Bd3) (5. b3 Nbd7 6. Qc2
Bd6) 5... Bd6 (5... a6 6. b3 Nbd7 7. Bb2 Bd6 8. Rg1 {[%cal Gg2g4,Gg4g5] Une
idée interessante du théoricien A.HAUCHARD} e5 9. g4 $36 {Hauchard,A (2450)
-Relange,E (2365) FRA-ch Nantes 1993 (4) 1/2}) 6. b3 (6. d4 {Retombe sur les
grandes lignes de la semi-slave}) 6... O-O 7. Bb2 c5 $5 {Malgré la perte de
temps, les Noirs ont une position solide dans cette ligne secondaire} (7...
Nbd7 8. Be2 (8. h3 Qe7 9. g4 $5 a6)) (7... Qe7 8. Be2 Nbd7 9. d4) (7... e5 $5
8. cxd5 cxd5 9. Nb5 Nc6 10. Nxd6 Qxd6 $132 {[%csl Gd5,Ge5];Semcesen,D (2420)
-Hector,J (2584) SWE-ch Lund 2010 (1) 1/2}) 8. cxd5 (8. g4 $1 {Une idée trés
moderne} Nxg4 9. cxd5 Ne5 10. Bg2 exd5 11. Nxe5 Bxe5 12. Bxd5 $14 {[%emt 0:33:
28] Heberla,B (2510)-Jaracz,P (2501)/Lubawka op 3rd (5)/1/2-1/2}) 8... exd5 {74
} 9. Ng5 {[%csl Rh7][%cal Gc3d5,Gb2f6]} g6 {52} 10. h4 $5 {Profitant du fait
que les Blancs ont retardé le roque} Nc6 $1 11. Bd3 Nb4 $132 {Eliminant une
pièce importante d'attaque qui soulage la pression sur "h7"} 12. Qb1 Nxd3+ {46}
13. Qxd3 Bf5 {45} 14. Nxd5 {Les Blancs sont quasiment forcés de sacrifier la Q
car tout repli de la Q donnerait un net avantage aux Noirs mais les
compensations sont assez légères.} Bxd3 15. Nxf6+ Kh8 {43} 16. h5 {JB Mullon:
A bit too much, unfortunately for romantic games amateurs [Better was 16.
Nfxh7+f6 only move 17.Nxf6 Qxf6!! With this move, Black can hold that game.
Maybe Romanov missed this defense when he went into this variation (17... Rxf6
18.Nf7+Kg7 19.Nxd8 Rxd8 should be much better for white) 18.Bxf6+ Rxf6 19. f4
Kg7-/+.} (16. Nfxh7+ $8) 16... Be7 $19 17. Nfxh7+ Kg8 {28} 18. hxg6 Bxg6 19.
Nxf8 Bf6 20. Nxg6 Bxb2 21. Nxf7 Kxf7 22. Rb1 Qd3 {10} 23. Rxb2 Qxg6 24. g3 Qg7
25. Rb1 Rh8 26. Ke2 b6 27. a4 Ke6 28. Rxh8 Qxh8 29. Rc1 Qh5+ 30. f3 Qh2+ 31.
Kd3 Qxg3 32. f4 Qg6+ 33. Kc3 Qe4 34. Rc2 Kf5 35. Kb2 Qd3 36. a5 Kg4 37. axb6
axb6 0-1

[Event "Buenos Aires Clarin International"]
[Site "Buenos Aires"]
[Date "1979.??.??"]
[Round "1"]
[White "Larsen, Bent"]
[Black "Andersson, Ulf"]
[Result "1-0"]
[WhiteElo "2620"]
[BlackElo "2560"]
[Annotator "Notkin,M"]
[PlyCount "81"]
[EventDate "1979.11.26"]
[EventType "tourn"]
[EventRounds "13"]
[EventCountry "ARG"]
[EventCategory "11"]
[SourceTitle "MCL"]
[Source "ChessBase"]
[SourceDate "1999.07.01"]
[SourceVersion "1"]
[SourceVersionDate "1999.07.01"]
[SourceQuality "1"]

1. g3 d5 2. Bg2 Nf6 3. Nf3 g6 4. c4 c6 5. b3 Bg7 6. Bb2 O-O 7. O-O b6 $6 (7...
Nbd7) (7... Bf5) (7... Bg4) 8. d4 Bb7 9. Nbd2 $6 (9. Qc2 Nbd7 10. Nc3 Qc7 11.
e4 Nxe4 12. Nxe4 dxe4 13. Qxe4 Rfe8 14. Rad1 Rad8 15. Qc2 $14 {Vukic,M-Kostic,
V/YUG/1993/1:0/54/}) 9... Nbd7 10. Qb1 (10. Qc2 c5 $132) 10... e6 11. Rc1 c5 $6
(11... Rc8 $5) 12. cxd5 Bxd5 (12... exd5 13. dxc5 bxc5 14. Ne5 $14) 13. dxc5
Nxc5 14. Bd4 Qe7 15. Qb2 Rfc8 16. Rc2 Nce4 17. Rac1 Rxc2 (17... Nd6 18. Ne5 $16
) 18. Rxc2 Nxd2 19. Nxd2 Bxg2 20. Kxg2 Ne8 21. Bxg7 Nxg7 22. Qc3 $16 Ne8 23.
Nf3 Rd8 (23... Nd6 24. Qc7 Kf8 25. Ne5 $16) (23... Qb7 24. h4 h5 25. Kh2 $16)
24. Ne5 Rd5 (24... Qf6 $5) 25. b4 a5 26. Ng4 (26. Nc6 Qd6) 26... h5 (26... Qxb4
27. Qxb4 axb4 28. Rc8 $18) 27. Ne3 Rb5 28. bxa5 bxa5 29. Qc6 Rb7 (29... Qb7 30.
Qxb7 Rxb7 31. Rc8 Kf8 32. Nc4 $16) 30. Nc4 Rc7 31. Qa4 $1 Qd8 $1 32. f3 $1 (32.
Qxa5 Qd4 $1) 32... Nf6 $2 (32... Rc5 $1 33. Rd2 Qb8 (33... Qc8 34. Nb6 Qc6 35.
Rd8 Kf8 36. Qd4 $1 $18) 34. Nb6 $5 Nf6 $1 $10) 33. Qxa5 Nd5 34. Kf2 Qb8 (34...
Qf6 35. Qd2 $16) 35. Rb2 (35. Ne3 Rxc2 36. Nxc2 Qb2 $10) 35... Qf8 36. Nd2 $2 (
36. Ne3 $1 $16) 36... Qg7 $1 37. Qa3 (37. Rb8+ Kh7 38. Nb3 (38. Ne4 Qd4+ 39.
Kg2 Qe3 $17)) 37... Qd4+ $6 (37... Kh7 $1 $17) 38. e3 Ra7 $6 (38... Nxe3 $2 39.
Rb8+ $18) (38... Qe5 39. Ne4 $16) 39. Rb8+ $2 (39. exd4 Rxa3 40. Ne4 $16) 39...
Kh7 40. Rh8+ $5 Kxh8 $4 (40... Kxh8 41. Qf8+ Kh7 42. exd4) (40... Qxh8 41. Qxa7
Qc3 $1 $10) 41. Qf8+ 1-0